000 01533nam a2200421 i 4500
001 125838
003 FINmELB
005 20241217175850.0
006 m o u
007 cr cn|||||||||
008 210921s2017 mx o 000 1 spa d
020 _a9786079409968
_q(e-book)
020 _z9786079409906
_q(print)
035 _a(OCoLC)1280138669
040 _aFINmELB
_bspa
_erda
_cFINmELB
050 4 _aPS3552.E738
_bW872 2017
080 _a821.111
082 0 4 _a813.54
_223
100 1 _aBerriault, Gina,
_eautor.
245 1 0 _aMuejres en la cama /
_cGina Berriault ; traducción de Olivia de Miguel Crespo.
264 1 _aMéxico :
_bJus Libreros y Editores,
_c2017.
300 _a1 recurso en línea (181 páginas)
336 _atexto
_btxt
_2rdacontent/spa
337 _acomputadora
_bc
_2rdamedia/spa
338 _arecurso en línea
_bcr
_2rdacarrier/spa
588 _aDescripción basada en metadatos suministrados por el editor y otras fuentes.
590 _aRecurso electrónico. Santa Fe, Arg.: elibro, 2021. Disponible vía World Wide Web. El acceso puede estar limitado para las bibliotecas afiliadas a elibro.
650 0 _aAmerican fiction.
650 4 _aNovela americana.
655 4 _aLibros electrónicos.
700 1 _aCané, Rquel,
_eilustraciones.
765 0 _tWomen in their beds
797 2 _aelibro, Corp.
856 4 0 _uhttps://elibro.net/ereader/politecnicointernacional/152035
999 _c125838
_d125838